Marketing analytics (Record no. 18526)

MARC details
000 -LEADER
fixed length control field 00501nam a2200169Ia 4500
008 - FIXED-LENGTH DATA ELEMENTS--GENERAL INFORMATION
fixed length control field 220501s2021 xx 000 0 eng d
020 ## - INTERNATIONAL STANDARD BOOK NUMBER
International Standard Book Number 9789354242625
082 ## - DEWEY DECIMAL CLASSIFICATION NUMBER
Classification number 658.8 GUP-M
100 ## - MAIN ENTRY--PERSONAL NAME
Personal name Gupta, Seema
245 #0 - TITLE STATEMENT
Title Marketing analytics
Statement of responsibility, etc Seema Gupta and Avadhoot Jathar
260 ## - PUBLICATION, DISTRIBUTION, ETC. (IMPRINT)
Place of publication, distribution, etc New Delhi
Name of publisher, distributor, etc Wiley
Date of publication, distribution, etc 2021
300 ## - PHYSICAL DESCRIPTION
Extent / Pages xxiii, 374
650 ## - SUBJECT ADDED ENTRY--TOPICAL TERM
Topical term or geographic name as entry element Marketing - Management - Data processing
650 ## - SUBJECT ADDED ENTRY--TOPICAL TERM
Topical term or geographic name as entry element Marketing - Statistical methods
650 ## - SUBJECT ADDED ENTRY--TOPICAL TERM
Topical term or geographic name as entry element Marketing management
942 ## - ADDED ENTRY ELEMENTS (KOHA)
Source of classification or shelving scheme
Koha item type Reference Books
942 ## - ADDED ENTRY ELEMENTS (KOHA)
-- 39
Holdings
Withdrawn status Lost status Source of classification or shelving scheme Damaged status Not for loan Home library Current library Date acquired Source of acquisition Full call number Barcode Date last seen Copy number Bill Date Koha item type Bill Number Total Checkouts Total Renewals Date last borrowed Checked out
          SOBD Library SOBD Library 17/05/2022 Vedi Books 658.8 GUP-M1 001360 01/07/2022 1 13/04/2022 Reference Books VEDI/22-23/04/09        
          SOBD Library SOBD Library 17/05/2022 Vedi Books 658.8 GUP-M2 001361 27/09/2023 2 13/04/2022 Books VEDI/22-23/04/09 3 4 05/09/2023  
          SOBD Library SOBD Library 17/05/2022 Vedi Books 658.8 GUP-M3 001362 02/09/2024 3 13/04/2022 Books VEDI/22-23/04/09 2 4 24/07/2024  
          SOBD Library SOBD Library 17/05/2022 Vedi Books 658.8 GUP-M4 001363 18/08/2025 4 13/04/2022 Books VEDI/22-23/04/09 3   01/08/2025  
          SOBD Library SOBD Library 17/05/2022 Vedi Books 658.8 GUP-M5 001364 30/07/2025 5 13/04/2022 Books VEDI/22-23/04/09 4 2 03/07/2025  
          SOBD Library SOBD Library 17/05/2022 Vedi Books 658.8 GUP-M6 001365 12/05/2026 6 13/04/2022 Books VEDI/22-23/04/09 7 6 12/05/2026 09/06/2026
          SOBD Library SOBD Library 17/05/2022 Vedi Books 658.8 GUP-M7 001366 30/08/2025 7 13/04/2022 Books VEDI/22-23/04/09 5 2 16/08/2025  
          SOBD Library SOBD Library 17/05/2022 Vedi Books 658.8 GUP-M8 001367 27/09/2023 8 13/04/2022 Books VEDI/22-23/04/09 4 2 13/09/2023  
          SOBD Library SOBD Library 17/05/2022 Vedi Books 658.8 GUP-M9 001368 07/10/2024 9 13/04/2022 Books VEDI/22-23/04/09 10 6 23/08/2024  
          SOBD Library SOBD Library 17/05/2022 Vedi Books 658.8 GUP-M10 001369 28/09/2023 10 13/04/2022 Books VEDI/22-23/04/09 2 3 22/09/2023  
Hosted, Implemented, Customized & Maintained by: BestBookBuddies

Powered by Koha